[Event "1st 4NCL International Open"]
[Site "Telford"]
[Date "2018.10.30"]
[Round "1"]
[White "Kulkarni, Rakesh"]
[Black "Akeya-Price, Robert"]
[Result "1-0"]
[WhiteElo "2297"]
[BlackElo "1730"]
[Annotator "TA"]
[PlyCount "43"]
[EventDate "2018.10.31"]
[EventType "swiss"]
[EventCountry "GBR"]
[SourceTitle "playchess.com"]
[Source "ChessBase"]
[SourceQuality "1"]

{[%evp 19,43,15,29,2,20,10,5,10,5,-13,29,17,44,41,770,758,773,565,586,587,883,893,882,879,847,825]} 1. Nf3 Nf6 2. g3 e6 3. Bg2 d5 4. O-O Be7 5. c4 O-O 6. d4 Nbd7 7. Nc3 c6 8. b3 b6 9. Bb2 Bb7 10. Qc2 c5 {LiveBook: 14 Games. E08: Closed Catalan: Main Line: 7 Qc2} (10... Rc8 11. e4 Nxe4 12. Nxe4 dxe4 13. Qxe4 Nf6 14. Qc2 c5 15. Rad1 cxd4 16. Rxd4 Qc7 17. Rfd1 Rfd8 18. Qe2 h6 19. Ne5 Rxd4 20. Rxd4 Bxg2 21. Kxg2 {1-0 (69) Mamedyarov,S (2772)-Vitiugov,N (2731) Sochi 2017}) 11. dxc5 Nxc5 12. Rad1 Qc8 {The position is equal.} 13. cxd5 $146 ({Predecessor:} 13. Ng5 Rd8 14. cxd5 h6 15. Nh3 Nxd5 16. Nxd5 exd5 17. Nf4 {1-0 (45) Mulyar,M (2407)-Metpally,J (2053) Madison 2017}) 13... Nxd5 14. Nb5 Na6 15. Qb1 Rd8 16. Ne5 {Threatens to win with Nxf7.} Ndb4 $2 {[%mdl 8192] [#]} (16... Nc5 $14) 17. Rxd8+ $18 {White is clearly winning.} Bxd8 18. Rc1 Nc5 19. Nd6 Qb8 20. Nxb7 Nxb7 21. Nd7 Qd6 22. Bxb7 {Precision: White = 40%, Black = 13%.} 1-0

[Event "1st 4NCL International Open"]
[Site "Telford"]
[Date "2018.10.30"]
[Round "1"]
[White "Willow, Jonah B"]
[Black "Korneev, Oleg"]
[Result "1/2-1/2"]
[WhiteElo "2271"]
[BlackElo "2560"]
[Annotator "TA"]
[PlyCount "81"]
[EventDate "2018.10.31"]
[EventType "swiss"]
[EventCountry "GBR"]
[SourceTitle "playchess.com"]
[Source "ChessBase"]
[SourceQuality "1"]

{[%evp 21,81,8,8,0,0,-12,-14,-10,0,7,12,-42,-8,-28,-28,-44,-44,-44,-44,-45,-45,-45,-41,-41,-46,-46,-42,-47,-44,-44,-47,-52,-28,-37,-24,-43,-31,-46,-29,-30,-17,-40,-27,-35,-14,-14,14,0,9,9,20,7,4,4,4,11,4,0,0,0,6,0]} 1. e4 e5 2. Nf3 Nc6 3. Nc3 Nf6 4. Bb5 Bd6 5. d3 h6 6. a3 a6 7. Ba4 b5 8. Bb3 Bb7 9. O-O O-O 10. Ne2 {C78: Ruy Lopez: Archangelsk and Möller Defences} (10. Be3 Ne7 11. a4 b4 12. Ne2 Ng6 13. Qd2 Ng4 14. Ng3 Nxe3 15. fxe3 Bc5 16. d4 Ba7 17. Qxb4 Rb8 {1-0 (48) Grandelius,N (2647)-Naroditsky,D (2619) chess.com INT 2018}) 10... Re8 11. Ng3 Bf8 {LiveBook: 11 Games} 12. Bd2 d5 13. Re1 dxe4 14. dxe4 Nd4 15. Nxd4 Qxd4 $146 ({Predecessor:} 15... exd4 16. e5 Nd5 17. Qg4 c5 18. Nh5 Qc8 19. Qg3 Kh8 20. Bxh6 gxh6 21. Bxd5 Bxd5 {½-½ (54) Tan,J (2407)-Ramesh,R (2472) Canberra 2015}) 16. Bc3 (16. c3 $11 Qd7 17. Be3) 16... Qxd1 17. Raxd1 c5 18. Bd5 Nxd5 19. exd5 Rad8 20. Rxe5 Rxe5 21. Bxe5 f6 22. Bc7 Rxd5 23. Rxd5 Bxd5 $15 {[%mdl 4096] Endgame KBB-KBN} 24. Nf5 Be4 25. Ne3 Kf7 26. f3 Bc6 27. Kf2 h5 28. Ke2 Ke6 29. Nd1 b4 30. c4 Kd7 31. Bb8 g5 32. h3 Ba4 33. Ne3 {The position is equal.} h4 34. Nd5 {[#] And now Nb6+ would win.} Bb3 35. Kd3 f5 36. Be5 a5 37. Bf6 Bh6 38. Be7 Bg7 39. Bf6 Bh6 40. Be7 Bg7 41. Bf6 {Precision: White = 42%, Black = 53%.} 1/2-1/2

[Event "1st 4NCL International Open"]
[Site "Telford"]
[Date "2018.10.30"]
[Round "1"]
[White "Mihalik, Agoston"]
[Black "Gonda, Laszlo"]
[Result "0-1"]
[WhiteElo "2223"]
[BlackElo "2528"]
[Annotator "TA"]
[PlyCount "50"]
[EventDate "2018.10.31"]
[EventType "swiss"]
[EventCountry "GBR"]
[SourceTitle "playchess.com"]
[Source "ChessBase"]
[SourceQuality "1"]

{[%evp 10,50,-2,1,17,11,17,0,1,7,7,0,0,0,12,19,14,-60,-27,-36,-52,-230,-231,-277,-265,-390,-285,-511,-480,-432,-507,-535,-527,-447,-202,-432,-338,-958,-972,-1318,-871,-899,-893]} 1. e4 c5 2. Nf3 e6 3. b3 b6 4. Bd3 Bb7 5. O-O Nc6 6. Re1 {LiveBook: 40 Games. B40: Sicilian: 2...e6, Unusual lines} Nh6 $146 ({Predecessor:} 6... d6 7. c3 Nf6 8. Bc2 Be7 9. a3 O-O 10. d4 d5 11. e5 Ne4 {1-0 (34) Antipov,M (2588)-Santos Latasa,J (2536) Stockholm 2018}) 7. Bb2 f6 8. Bf1 {The position is equal.} Be7 9. c3 f5 10. e5 O-O 11. d4 cxd4 12. cxd4 Nb4 13. Nfd2 (13. Nc3 $11) 13... Qe8 14. Nc3 Qg6 {Hoping for ...Nd3!} 15. g3 $2 ({Better is} 15. f3 $15) 15... f4 $19 {...Nc2 is the strong threat.} 16. Nde4 Ng4 17. a3 (17. Re2 $142) 17... Nd5 (17... fxg3 $2 18. fxg3 Nd5 19. Qe2 $19) 18. Bg2 $2 (18. Nxd5 {only move.} exd5 19. Bh3 Nxh2 20. Nf6+ gxf6 21. g4) 18... fxg3 19. fxg3 Nde3 20. Qe2 Nxg2 21. Qxg2 {[#]} Kh8 $40 {[%mdl 128] Black is out for blood.} (21... Rf2 $142 $1 {[%mdl 512]} 22. Nxf2 Bxg2 23. Nxg4 Bc6) 22. Qe2 $2 (22. Re2 {was forced.}) 22... Rf5 23. h3 $2 {[#]} (23. Rf1 Rh5 24. h4) 23... Nf2 $1 {[%mdl 512] Black is clearly winning.} 24. Kh2 (24. Nxf2 Qxg3+) 24... Nxe4 25. Nxe4 Bxe4 {Precision: White = 14%, Black = 65%.} 0-1

[Event "1st 4NCL International Open"]
[Site "Telford"]
[Date "2018.10.30"]
[Round "1"]
[White "Britton, Richard L"]
[Black "Dgebuadze, Alexandre"]
[Result "0-1"]
[WhiteElo "2204"]
[BlackElo "2484"]
[Annotator "TA"]
[PlyCount "36"]
[EventDate "2018.10.31"]
[EventType "swiss"]
[EventCountry "GBR"]
[SourceTitle "playchess.com"]
[Source "ChessBase"]
[SourceQuality "1"]

{[%evp 14,36,23,33,12,14,27,-6,8,0,-1,0,4,-68,-64,-75,-82,-204,-193,-258,-186,-263,-264,-285,-195]} 1. e4 e6 2. d4 d5 3. Nc3 Bb4 4. e5 Ne7 5. a3 Bxc3+ 6. bxc3 c5 7. h4 {[%cal Bh2h4,Bh4h5,Bh5h6][%mdl 32]} Nd7 {C18: French: 3 Nc3 Bb4: Main line: 7 h4 and 7 Qg4} (7... Qc7 8. h5 h6 9. Nf3 b6 10. a4 Ba6 11. Bb5+ Bxb5 12. axb5 a5 13. bxa6 Rxa6 14. Rxa6 Nxa6 15. Qd3 Nb8 16. O-O Nd7 17. Bf4 O-O 18. Ra1 {1-0 (41) Karjakin,S (2782)-So,W (2778) Paris 2018}) 8. h5 {LiveBook: 5 Games} f6 9. h6 g6 {The position is equal.} 10. exf6 Nxf6 11. Nf3 O-O 12. dxc5 $146 ({Predecessor:} 12. Ne5 Ne4 13. f3 Qa5 14. Qd3 c4 15. Nxc4 dxc4 16. Qxe4 Qxc3+ 17. Kd1 Qxa1 18. Qe5 Nf5 {0-1 (18) Yeritsyan,A (2295)-Jarmula,L (2498) Moscow 2018}) 12... Qa5 13. Bd3 (13. Bb2 $11) 13... e5 $1 $15 {[%cal Be6e5,Be5e4,Be4e3][%mdl 1056] [#] And now ...e4 would win. Black has compensation.} 14. Ng5 Bg4 $36 {[%mdl 2048] Black has strong initiative.} 15. Qd2 (15. f3 $17 Qxc3+ 16. Bd2) 15... e4 $19 (15... Qxc5 16. a4 $15) 16. Bf1 (16. a4 $142) 16... Rad8 {Strongly threatening ...e3.} ({Less strong is} 16... Qxc5 17. Rb1 $15) 17. Rb1 {[#]} (17. f3 $142 Bc8 18. Bb2) 17... e3 $1 {[%cal Re3d2]} 18. fxe3 ({Much weaker is} 18. Qxe3 Rde8 $17) 18... Qc7 {Precision: White = 21%, Black = 83%.} 0-1

[Event "1st 4NCL International Open"]
[Site "Telford"]
[Date "2018.10.30"]
[Round "1"]
[White "Stepanyan, Henrik"]
[Black "Fernandez, Daniel Howard"]
[Result "0-1"]
[WhiteElo "2158"]
[BlackElo "2461"]
[Annotator "TA"]
[PlyCount "112"]
[EventDate "2018.10.31"]
[EventType "swiss"]
[EventCountry "GBR"]
[SourceTitle "playchess.com"]
[Source "ChessBase"]
[SourceQuality "1"]

{[%evp 9,112,64,70,29,30,1,28,0,19,22,86,79,90,70,59,-11,-11,-9,-11,-57,-51,-63,-50,-62,-53,-49,-61,-59,-28,-27,0,-20,0,-91,-32,-93,-90,-70,-52,-123,-111,-124,-127,-131,-128,-147,-142,-162,-151,-166,-160,-152,-155,-179,-178,-178,-178,-204,-207,-197,-174,-620,-547,-1018,-1043,-1036,-1031,-1242,-1190,-1122,-1260,-29953,-29954,-12798,-1276,-1677,-1494,-3989,-2122,-2268,-1881,-1642,-1008,-2791,-2581,-2078,-1144,-5385,-966,-5061,-875,-2620,-4930,-2277,-1233,-1039,-489,-856,-714,-1194,-589,-29978,-29978,-29977,-29976]} 1. d4 d6 2. Nc3 {[%cal Bb1c3,Bc3e2,Be2d4][%mdl 32]} g6 3. e4 a6 4. Nf3 (4. f4 b5 5. Nf3 Bb7 6. Bd3 Nd7 7. Be3 Bg7 8. e5 c5 9. Be4 Bxe4 10. Nxe4 Nh6 11. Qe2 cxd4 12. Bxd4 Nf5 13. O-O-O Nxd4 14. Rxd4 O-O 15. Rhd1 Nb6 16. Kb1 {0-1 (50) Borisek,J (2576)-Bacrot,E (2718) chess.com INT 2018}) 4... b5 5. Bd3 Bb7 6. Ne2 {B06: Modern Defence} c5 $146 {[#] aiming for ...c4.} ({Predecessor:} 6... Nf6 7. Ng3 Nbd7 8. O-O Bg7 9. h3 O-O 10. Be3 c5 11. c3 Qc7 12. Qd2 e5 13. Bh6 Rfe8 14. Rfe1 d5 15. dxe5 Nxe4 16. Nxe4 dxe4 17. Bxe4 Bxe4 {½-½ (17) Khalafova,N (2130)-Motyl,T (2035) Krakow 2011}) 7. c4 (7. c3 {keeps more tension.} Nd7 8. O-O Ngf6 9. Ng3 Bg7 10. a4) 7... cxd4 8. Nexd4 {White has an edge.} Nf6 9. cxb5 Bxe4 (9... Bg7 $11) 10. Bxe4 $16 Nxe4 11. O-O Bg7 $1 12. Re1 (12. Qb3 $14 d5 13. b6) 12... d5 $11 {[%cal Bd6d5,Bd5e4][%mdl 32]} 13. Ng5 {Nge6! is the strong threat.} O-O 14. Nxe4 (14. Nc6 {feels hotter.} Nxc6 15. bxc6 Rc8 16. Nxe4 dxe4 17. Qa4) 14... dxe4 15. Be3 ({Avoid the trap} 15. Rxe4 $2 e5 $19) 15... axb5 16. Nxb5 Qxd1 17. Rexd1 Bxb2 18. Rab1 Bg7 19. Na7 Na6 20. Rb7 Rfd8 {[%cal Rd8d1] [#]} 21. Rdd7 (21. Rxd8+ $11 Rxd8 22. g3) 21... e6 $40 {[%mdl 128] Black is up to no good.} (21... Rxd7 $17 22. Rxd7 Nb4) 22. Nc6 ({White should try} 22. Rxd8+ $1 $15 Rxd8 23. g3) 22... Rxd7 $17 23. Rxd7 Bf8 24. Ra7 (24. h3 $15) 24... Rxa7 25. Nxa7 {[%mdl 4096] Endgame KBN-KBN} f5 26. Nb5 Kf7 27. Kf1 e5 28. g3 Ke6 29. Nc3 Bb4 30. Na4 Nc7 31. Ke2 Nd5 32. Bd2 Kd6 33. Bxb4+ Nxb4 $19 {KN-KN} 34. Nc3 Kc5 35. Na4+ $2 (35. a4) 35... Kd4 36. a3 Nc2 37. Nb6 Nxa3 38. Nd7 f4 39. gxf4 exf4 {[%cal Be5f4,Bf4f3][%mdl 32]} 40. Nf8 f3+ 41. Kf1 Ke5 (41... e3 $142 42. Ne6+ Ke5 43. fxe3 Kxe6) 42. Nxh7 Nc2 43. Ng5 Nb4 44. Nf7+ Ke6 45. Ng5+ Kd5 46. Nh3 Nd3 47. Ng5 Ke5 48. Nf7+ Ke6 (48... Kf4 $142 49. Nd8 e3 50. fxe3+ Kxe3) 49. Ng5+ Kd5 (49... Kf5 $142 50. Nf7 Kf4) 50. Nh3 Ke5 51. Ng5 Nc5 52. Nf7+ Ke6 (52... Kf4 $142 53. Nh8 Kf5) 53. Ng5+ (53. Nh6 $142 Nb3 54. Ke1) 53... Kf6 54. Nh7+ Kf5 55. Nf8 g5 56. Ke1 Kf6 {Precision: White = 28%, Black = 57%.} 0-1

[Event "1st 4NCL International Open"]
[Site "Telford"]
[Date "2018.10.30"]
[Round "1"]
[White "Burrows, Martin P"]
[Black "Krishna C R G"]
[Result "0-1"]
[WhiteElo "2121"]
[BlackElo "2445"]
[Annotator "TA"]
[PlyCount "66"]
[EventDate "2018.10.31"]
[EventType "swiss"]
[EventCountry "GBR"]
[SourceTitle "playchess.com"]
[Source "ChessBase"]
[SourceQuality "1"]

{[%evp 24,66,0,0,9,-14,-4,-7,-7,-20,0,-35,-25,-14,-4,-39,-22,-23,-21,-43,-31,-88,-96,-151,-137,-141,-147,-172,-176,-217,-213,-317,-318,-312,-316,-352,-359,-453,-449,-508,-507,-548,-532,-596,-589]} 1. e4 e6 2. d4 d5 3. Nc3 Bb4 4. e5 c5 5. a3 Bxc3+ 6. bxc3 Qa5 7. Bd2 Qa4 8. Qg4 Kf8 9. Qd1 {C18: French: 3 Nc3 Bb4: Main line: 7 h4 and 7 Qg4} (9. h4 Nc6 10. h5 h6 11. Qd1 cxd4 12. Nf3 dxc3 13. Bxc3 g5 14. hxg6 Qe4+ 15. Be2 Qxg6 16. Qd2 Nge7 17. Bd3 Qxg2 18. Ke2 Qg4 19. Rh4 Qg7 20. Rg1 Ng6 21. Rf4 Nce7 22. Bb4 a5 23. Rxg6 {1-0 (23) Caruana,F (2804)-Lenderman,A (2599) Saint Louis 2018}) 9... b6 10. c4 Ne7 11. dxc5 bxc5 12. c3 Qxd1+ 13. Rxd1 {LiveBook: 3 Games} Ba6 14. cxd5 {[#] Black must now prevent d6.} Bxf1 15. Kxf1 {d6 is the strong threat.} Nxd5 16. Nf3 Nd7 17. Ke2 $146 Ke7 18. c4 N5b6 19. Rc1 h6 20. h4 Rab8 21. Be3 Na4 22. Rhd1 ({White should try} 22. Kf1 $15) 22... Rb3 $17 {And now ...Nc3+ would win.} 23. Rd3 (23. Rd6 $142) 23... Rhb8 24. Rxb3 Rxb3 25. Nd2 Rxa3 26. Ne4 Nxe5 27. Nxc5 {[#]} (27. Kf1 $142) 27... Rxe3+ $1 $19 {[%mdl 512]} 28. Kxe3 Nxc5 29. f4 Nc6 30. h5 a5 {Black is clearly winning.} 31. Rc3 f5 32. Ra3 Kd6 33. Kd2 Ne4+ {Precision: White =  9%, Black = 77%.} 0-1

[Event "1st 4NCL International Open"]
[Site "Telford"]
[Date "2018.10.30"]
[Round "1"]
[White "Clark, Robert G"]
[Black "Haria, Ravi"]
[Result "1/2-1/2"]
[WhiteElo "2025"]
[BlackElo "2436"]
[Annotator "TA"]
[PlyCount "79"]
[EventDate "2018.10.31"]
[EventType "swiss"]
[EventCountry "GBR"]
[SourceTitle "playchess.com"]
[Source "ChessBase"]
[SourceQuality "1"]

{[%evp 13,79,33,63,37,39,40,31,14,12,13,43,41,46,57,59,15,61,-51,-17,-19,0,-43,-3,-245,0,0,0,0,0,-11,0,0,15,1,0,0,0,0,67,65,65,35,68,53,64,0,0,0,34,7,8,7,10,0,0,0,0,0,0,-56,0,0,0,0,0,0,0,0]} 1. e4 e6 2. d4 d5 3. Nc3 Bb4 4. e5 b6 5. h4 Qd7 6. h5 {C16: Französische Verteidigung (Nimzowitsch-Variante)} h6 7. Qg4 Bf8 {LiveBook: 17 Partien} 8. a4 {Weiß steht etwas besser.} Ba6 $146 ({Vorgänger:} 8... Nc6 9. Bb5 a6 10. Be2 Bb7 11. Nf3 O-O-O 12. Bd2 Nge7 {0-1 (43) Pritchett,C (2385)-Short,N (2620) Germany 1987}) 9. Nb5 Ne7 10. Rh3 Nf5 11. Qf4 c6 12. g4 cxb5 13. gxf5 bxa4 14. Ne2 Nc6 {[%cal Bb8c6,Bc6e7,Be7f5][%mdl 32]} 15. f6 (15. fxe6 $14 Qxe6 16. Rxa4) 15... gxf6 16. Qxf6 Rg8 {Und ...Lxe2 würde nun gewinnen.} 17. c3 {[#]} a3 $1 {[%mdl 512] Weiss muss nun ...Lxe2 beachten.} 18. b4 $2 {[#]} (18. Rg3 $11 Rxg3 19. fxg3) (18. bxa3 Qe7) 18... Qe7 $2 ({Günstiger ist} 18... Nxb4 $1 $19 {[%mdl 512]} 19. cxb4 Bxb4+ 20. Nc3 Rg1 21. Bxa3 Rxf1+ 22. Kd2 Qe7 23. Qxe7+ Bxe7 24. Rxf1 Bxf1) 19. Qxe7+ $11 Nxe7 20. Rxa3 Bc4 21. Rg3 Rh8 22. Ra1 Nf5 23. Rh3 a5 24. Ng3 Bxf1 25. Kxf1 Kd7 (25... Ne7 $11) 26. Nxf5 $14 exf5 27. Ke2 Be7 28. bxa5 bxa5 29. Ba3 (29. Rb1 $14) 29... Rhb8 $11 30. Rhh1 Rb3 31. Bxe7 Kxe7 $14 {[%mdl 4096] Endspiel KTT-KTT} 32. Kd3 Rb2 33. f4 a4 34. Rhb1 Rh2 35. Rh1 Rg2 36. Rhb1 ({Besser ist} 36. Rhg1 $11 Rg4 37. Rgb1) 36... Rag8 (36... a3 $1 $15) 37. Rb7+ $11 {Die Stellung ist ausgeglichen.} Ke6 $1 {[%cal Rg8g3]} 38. Rb6+ Ke7 {[%cal Rg8g3]} 39. Rb7+ Ke6 $1 {[%cal Rg8g3]} 40. Rb6+ {Precision: Weiß = 42%, Schwarz = 48%.} 1/2-1/2

[Event "1st 4NCL International Open"]
[Site "Telford"]
[Date "2018.10.30"]
[Round "1"]
[White "Zabrocki, Philip Am"]
[Black "Pert, Richard G"]
[Result "0-1"]
[WhiteElo "1952"]
[BlackElo "2408"]
[Annotator "TA"]
[PlyCount "74"]
[EventDate "2018.10.31"]
[EventType "swiss"]
[EventCountry "GBR"]
[SourceTitle "playchess.com"]
[Source "ChessBase"]
[SourceQuality "1"]

{[%evp 25,74,-33,-29,-33,-10,-33,-33,-39,-27,-79,-80,-101,-2,-2,36,28,59,56,108,56,117,0,0,0,65,72,68,66,71,71,68,62,67,75,94,88,82,57,65,0,0,-250,-250,-1112,-1079,-1018,-973,-890,-479,-1317,-822]} 1. e4 c5 2. Nc3 Nc6 3. g3 g6 4. Bg2 Bg7 5. d3 d6 6. f4 e6 7. Nf3 Nge7 8. O-O O-O 9. Be3 Nd4 10. Rb1 b6 11. Ne2 Nxf3+ 12. Bxf3 Bb7 13. c3 Qd7 {LiveBook: 7 Games. B25: Closed Sicilian: 3 g3, lines without early Be3} 14. a3 $146 ({Predecessor:} 14. Qc2 Rac8 15. Rbd1 d5 16. Bg2 d4 17. Bf2 dxc3 18. bxc3 Rfd8 19. Rd2 c4 20. Rfd1 cxd3 21. Rxd3 {0-1 (70) Bendana Guerrero,G (2440)-Neto,H (2550) ICCF email 2007}) 14... Rad8 15. Qd2 f5 {Black is slightly better.} 16. Qc2 Rc8 17. g4 (17. Rbd1 $11) 17... d5 $17 18. gxf5 exf5 ({Black should play} 18... gxf5 $17 {Hoping for ...d4.} 19. e5 d4 $1 {[%mdl 512]}) 19. e5 $11 Nc6 20. d4 Na5 21. Bf2 Qe7 (21... Rfe8 $14) 22. Rfd1 (22. dxc5 $16 bxc5 23. b4) 22... Rfd8 (22... c4 $14) 23. Qa4 ({Better is} 23. dxc5 $16 bxc5 24. Qa4) 23... Bc6 24. Qc2 Bf8 (24... Bb7 $11) 25. dxc5 bxc5 26. b4 Nc4 $1 {[%cal Rc4a3]} 27. Bxc5 Qe8 28. Qa2 Bxc5+ 29. bxc5 Qe7 30. Nd4 Qxc5 31. Kh1 Ba8 32. Rb5 (32. h4 $14) 32... Qe7 33. Nc2 $2 {[#]} (33. Qf2 $11 {and White stays safe.}) 33... Qh4 $1 $19 {[%cal Rh4f2] Strongly threatening ...Qf2.} 34. Bxd5+ $2 (34. Nd4) 34... Rxd5 {Black is clearly winning.} 35. Rbxd5 Bxd5+ 36. Rxd5 Qxf4 {[%cal Rf4f1]} 37. Ne3 (37. Kg1 $142 Qc1+ 38. Kf2) 37... Qe4+ {Precision: White = 35%, Black = 40%.} 0-1

[Event "1st 4NCL International Open"]
[Site "Telford"]
[Date "2018.10.30"]
[Round "1"]
[White "Bennett, Dominic L"]
[Black "Roberson, Peter T"]
[Result "0-1"]
[WhiteElo "1933"]
[BlackElo "2396"]
[Annotator "TA"]
[PlyCount "86"]
[EventDate "2018.10.31"]
[EventType "swiss"]
[EventCountry "GBR"]
[SourceTitle "playchess.com"]
[Source "ChessBase"]
[SourceQuality "1"]

{[%evp 19,86,10,29,12,9,-28,0,0,0,-8,14,15,17,0,31,1,25,35,30,29,42,37,56,14,10,-5,0,0,0,0,0,-131,-96,-225,-216,-250,-246,-223,-53,-202,-213,-208,-208,-205,-215,-212,193,-199,-189,-346,-324,-332,-222,-29966,-29967,-29967,-29968,-29965,-6500,-2633,-2472,-29971,-29972,-29984,-29985,-29986,-29987,-29992,-377]} 1. c4 Nf6 2. e3 e6 3. Nf3 d5 4. Be2 c5 5. cxd5 exd5 6. d4 Nc6 7. O-O Bd6 8. b3 {D30: Queen's Gambit Declined: Systems without Nc3} (8. dxc5 Bxc5 9. a3 a5 10. Nc3 O-O 11. b3 d4 12. Na4 Ba7 13. exd4 Nxd4 14. Nxd4 Qxd4 15. Be3 Qxd1 16. Rfxd1 Bxe3 17. fxe3 Bg4 18. Bf3 Rfe8 {½-½ (30) Gyimesi,Z (2646)-Peralta,F (2601) Sabadell 2011}) 8... cxd4 9. Nxd4 Qe7 10. Bb2 O-O {LiveBook: 6 Games} 11. Nxc6 bxc6 12. Qd4 $146 ({Predecessor:} 12. Nd2 Re8 13. Qc2 Bd7 14. Rfd1 a5 15. a4 Rab8 16. Bc3 Bc7 17. Bd4 Ng4 18. g3 Nxh2 {0-1 (36) Pustovoitova,D (2387)-Batsiashvili,N (2472) Antalya 2017}) 12... a5 13. Rc1 c5 14. Qh4 $1 Be5 15. Bxe5 Qxe5 16. Nc3 d4 17. Bf3 Rb8 18. exd4 cxd4 19. Re1 Qc5 20. Na4 Qb4 21. Red1 Rd8 $1 22. Be4 {Black should prevent Bxh7+!} Be6 {Hoping for ...d3.} 23. Bd3 Rbc8 24. h3 h6 25. g4 (25. Ba6 $11) 25... Nd5 26. g5 (26. Bf1 $17) 26... Qe7 $1 $19 27. f4 Ne3 28. Re1 f5 $2 ({Don't play} 28... Qb7 29. Re2) (28... Rd6 $19 {White must now prevent ...Qd7.} 29. Rac1 Rxc1 30. Rxc1 Bf5 31. Bxf5 Nxf5) 29. Rac1 (29. gxf6 $1 $15 Qf7 30. Re2) 29... Qb7 {[%csl Ge3][%cal Rb7g2]} ({But not} 29... Rxc1 30. Rxc1 Bd5 31. Qg3 $17) 30. Qg3 hxg5 $40 {[%cal Bh6g5,Bg5f4][%mdl 160] Black attacks with force.} 31. Nc5 {[#]} gxf4 $1 32. Qg5 {[#]} Qd5 $4 {[%mdl 8192]} (32... Qb6 $1 $19 {avoids the disaster. Threatens to win with ...Bd5.} 33. Nxe6 Qxe6) 33. Nxe6 $4 {[%mdl 8192]} (33. Bc4 $1 $18 {is the narrow road to win.} Nxc4 34. Nxe6) 33... Qxe6 34. Bc4 $2 {[#]} (34. Rxc8 Rxc8 35. Bc4 Rxc4 36. bxc4) 34... Rxc4 $1 {[%mdl 512]} 35. Qxd8+ (35. bxc4 Rf8) 35... Kf7 {( -> ...Qg6+)} 36. Kh2 $2 {[#]} (36. Qg5 $19 Rc6 37. Kh2) 36... Qc6 $1 {[%csl Ge3][%cal Rc6g2][%mdl 512]} 37. Rxe3 Rc2+ 38. Rxc2 Qxc2+ 39. Kh1 Qc1+ 40. Kh2 Qxe3 {Black mates.} 41. Qd7+ Kg6 42. Qc6+ Kh7 43. Qd7 Qg3+ {Precision: White = 32%, Black = 45%.} 0-1

[Event "1st 4NCL International Open"]
[Site "Telford"]
[Date "2018.10.30"]
[Round "1"]
[White "Rahulan, Thivyaa"]
[Black "Macklin, Paul"]
[Result "0-1"]
[WhiteElo "1868"]
[BlackElo "2361"]
[Annotator "TA"]
[PlyCount "60"]
[EventDate "2018.10.31"]
[EventType "swiss"]
[EventCountry "GBR"]
[SourceTitle "playchess.com"]
[Source "ChessBase"]
[SourceQuality "1"]

{[%evp 16,60,10,20,6,0,35,10,22,18,31,0,22,0,-8,-25,-28,-56,-37,-103,-106,-119,-113,-116,-125,-123,-127,-148,-106,-126,-88,-60,-45,-88,-121,-116,-72,-160,-170,-135,-124,-295,-275,-244,-147,-841,-841]} 1. c4 e5 2. Nc3 Nc6 3. Nf3 Nf6 4. g3 Bc5 5. Bg2 d6 6. O-O a6 {A29: Englische Eröffnung (Vierspringer-Variante)} (6... O-O 7. d3 h6 8. a3 a5 9. e3 Re8 10. b3 Ba7 11. Bb2 Bf5 12. h3 Qd7 13. Kh2 Bh7 14. Rc1 Ne7 15. d4 e4 16. Ne5 Qc8 17. Ng4 Nxg4+ 18. hxg4 {1-0 (57) Navara,D (2732)-Balogh,C (2632) Czech Republic 2018}) 7. a3 O-O 8. b4 Ba7 9. Bb2 {LiveBook: 3 Partien} Re8 10. Rc1 $146 ({Vorgänger:} 10. d3 h6 11. Rc1 Be6 12. Nd2 Qd7 13. e3 Bh3 14. Nd5 Nxd5 15. Bxh3 Qxh3 16. cxd5 {½-½ (24) Chigaev,M (2496)-Esipenko,A (2350) Kirishi 2015}) 10... Rb8 11. d3 Bg4 12. h3 Bd7 13. Qd2 b5 14. cxb5 axb5 15. e3 Ne7 {[%cal Bc6e7,Be7d5,Bd5b6,Bb6c4][%mdl 32]} 16. d4 e4 17. Ne1 ({Günstiger ist} 17. Ne5 $1 $15) 17... Ned5 $17 18. Nc2 Nb6 {[#] Droht stark ...Sc4.} 19. Na1 Nc4 20. Qc2 d5 21. Nb3 h5 {[%cal Bh7h5,Bh5h4][%mdl 32]} 22. Nd2 Nxd2 23. Qxd2 Rb6 24. Ra1 h4 25. a4 Bb8 26. a5 (26. axb5 $142 c6 27. bxc6 Bxc6 28. b5 Bxb5 29. Nxb5 Rxb5 30. gxh4) 26... Ra6 27. g4 ({Doch nicht} 27. gxh4 c6 $17) 27... Nxg4 28. hxg4 $2 {[#]} (28. Nxd5 $17 {kämpft weiter.} c6 29. Nf4) 28... h3 $1 $19 {[%cal Rh3g2]} 29. Bxh3 Qh4 30. Kg2 $2 {[%mdl 8192]} (30. f4 $17 Qxh3 31. Rf2) 30... Bxg4 {Precision: Weiß = 18%, Schwarz = 76%.} 0-1